[Event "Recklinghaeuser Open"]
[Site "Recklinghausen GER"]
[Date "2011.08.20"]
[Round "6"]
[White "Spenk,W"]
[Black "Schmitthoefer,Herbert"]
[Result "0-1"]
[WhiteElo "1757"]
[BlackElo "1927"]

1.e4 c5 2.Nf3 Nc6 3.Bb5 Qc7 4.Nc3 e6 5.O-O Nd4 6.Be2 a6 7.d3 b5 8.Nxd4 cxd4
9.Nb1 Bb7 10.Bd2 Be7 11.c3 e5 12.cxd4 exd4 13.Na3 Nf6 14.Qb3 d5 15.Rfc1 Qd8
16.Nxb5 axb5 17.Qxb5+ Qd7 18.Qxd7+ Kxd7 19.e5 Ne8 20.Bg4+ Kd8 21.a4 h5 22.Bh3 g5
23.Bf5 Ng7 24.e6 Nxf5 25.exf7 Rf8 26.a5 Rxf7 27.a6 Rxa6 28.Ba5+ Ke8 29.b4 Bd8  0-1

[Event "XVI Seahorse Open A"]
[Site "Rewal POL"]
[Date "2011.08.20"]
[Round "2.4"]
[White "Strzemiecki,Z"]
[Black "Mroziak,M"]
[Result "1-0"]
[WhiteElo "2420"]
[BlackElo "2153"]

1.e4 c5 2.Nf3 Nc6 3.Bb5 g6 4.Bxc6 dxc6 5.d3 Bg7 6.h3 Qc7 7.O-O Nf6 8.Nc3 O-O
9.Be3 b6 10.Nd2 Ne8 11.f4 Nd6 12.g4 Nb5 13.Nxb5 cxb5 14.Qf3 Bxb2 15.Rab1 Bg7
16.f5 Bb7 17.Rxb5 Rad8 18.Rb3 Bc6 19.Bf4 Qd7 20.Rbb1 Ba4 21.Rbc1 Kh8 22.Nc4 b5
23.Ne3 c4 24.Nd5 gxf5 25.gxf5 Rg8 26.Kh1 b4 27.Bg5 f6 28.Be3 e6 29.fxe6 Qxe6
30.Rg1 Bc6 31.Nf4 Qe5 32.Rg4 Bh6 33.Rcg1 Rxg4 34.Qxg4 cxd3 35.cxd3 f5 36.Qh4 Rd6
37.Ng6+ Rxg6 38.Rxg6 Bxe3 39.Rxc6 Qa1+ 40.Kg2 Qg1+ 41.Kf3 Bg5 42.Rc8+ Kg7
43.Rc7+ Kf6 44.e5+ Kxe5 45.Qg3+ Qxg3+ 46.Kxg3 h6 47.Rxa7 Kd4 48.Rd7+ Ke3
49.h4 Bf6 50.h5 f4+ 51.Kg4 Bg5 52.d4 f3 53.Rf7 Kxd4 54.Rxf3 Kc4 55.Kf5 Bc1
56.Ke4 Kb5 57.Kd5 Bd2 58.Rf8 Bc3 59.Ra8 Bd2 60.Ke4 Bc1 61.Kd3 Bg5 62.Rc8 Bf4
63.Kc2 Bg5 64.Kb3 Bd2 65.Rd8 Bc3 66.a4+ Kc5 67.Rc8+ Kb6 68.Rxc3 bxc3 69.Kxc3 Ka5
70.Kd4  1-0

[Event "Botvinnik 100th Open"]
[Site "St Petersburg RUS"]
[Date "2011.08.20"]
[Round "9"]
[White "Lanin,A"]
[Black "Kharmunova,N"]
[Result "1/2-1/2"]
[WhiteElo "2423"]
[BlackElo "2181"]

1.e4 c5 2.Nf3 Nc6 3.Bb5 d6 4.c3 Nf6 5.Qe2 Bd7 6.d4 a6 7.Bxc6 Bxc6 8.d5 Bd7
9.c4 b5 10.O-O bxc4 11.Nc3 g6 12.e5 dxe5 13.Nxe5 Bg7 14.Qxc4 O-O 15.Qxc5 Rc8
16.Qa3 Be8 17.Rd1 Qc7 18.Nf3 Bb5 19.Be3 Bc4 20.Rd4 Qb7 21.Rad1 Ne8 22.R4d2 Nd6
23.Bd4 Bh6 24.Be3 Bg7 25.Bf4 Rfd8 26.Qa5 Bb5 27.Bxd6 Rxd6 28.Ne4 Rd7 29.b4 Rxd5
30.Nc5 Rxd2 31.Rxd2 Qb8 32.h3 Bc3 33.Rd1 Be2 34.Rb1 Bxf3 35.gxf3 Bd4 36.Ne4 Rc2
37.Kg2 Qa7 38.Qa4 Re2 39.Kf1 Rxe4 40.fxe4 Bxf2 41.Qc2 Bd4 42.Qc4 Qb6 43.Kg2 Qf6
44.Rf1 Qg5+ 45.Kh1 Bf6 46.Rf3 Qd2 47.a3 Qe1+ 48.Kg2 Qd2+ 49.Kh1 Qe1+ 50.Kg2  1/2-1/2

[Event "Metalmex Open"]
[Site "Liberec CZE"]
[Date "2011.08.21"]
[Round "9"]
[White "Kaderabek,J"]
[Black "Krtous,Z1"]
[Result "1-0"]
[WhiteElo "2205"]
[BlackElo "2029"]

1.e4 c5 2.Nf3 Nc6 3.Bb5 d6 4.O-O Nf6 5.Re1 Bd7 6.c3 e6 7.d4 a6 8.Bf1 Be7
9.e5 dxe5 10.dxe5 Nd5 11.c4 Nb6 12.Nc3 O-O 13.Ne4 Qc7 14.Bg5 Bxg5 15.Nexg5 h6
16.Qd3 g6 17.Ne4 Nxe5 18.Nf6+ Kg7 19.Nh5+ gxh5 20.Nxe5 Rg8 21.Re3 Bc6 22.Rg3+ Kf6
23.Re1 Nd7 24.Rf3+ Bxf3 25.Qxf3+ Ke7 26.Qxf7+ Kd6 27.Nxd7 Rg4 28.Qxe6+  1-0

[Event "Manhattan Open"]
[Site "New York USA"]
[Date "2011.08.21"]
[Round "9"]
[White "Velikhanli,F"]
[Black "Shvartsman,A"]
[Result "1/2-1/2"]
[WhiteElo "2301"]
[BlackElo "2209"]

1.e4 c5 2.Nf3 Nc6 3.Bb5 Nf6 4.e5 Nd5 5.O-O Nc7 6.Bxc6 dxc6 7.h3 Bf5 8.d3 h6
9.Nc3 Ne6 10.Re1 Qd7 11.b3 O-O-O 12.a4 a5 13.Be3 g5 14.Nd2 Bg7 15.Nc4 Qc7
16.Bd2 b6 17.Ne4 Rhe8 18.Bc3  1/2-1/2

[Event "26th Schwarzacher Open"]
[Site "Schwarzach AUT"]
[Date "2011.08.21"]
[Round "2"]
[White "Loidl,F"]
[Black "Schnegg,A"]
[Result "0-1"]
[WhiteElo "2174"]
[BlackElo "1996"]

1.e4 c5 2.Nf3 Nc6 3.Bb5 Nf6 4.O-O Nxe4 5.Re1 Nd6 6.Bf1 g6 7.d4 cxd4 8.Bf4 Nf5
9.g4 Ng7 10.Nxd4 Ne6 11.Nb5 d6 12.Bg3 Bg7 13.c3 O-O 14.Nd2 a6 15.Na3 b5 16.Nc2 Qb6
17.Ne3 Bb7 18.Nd5 Qd8 19.a4 Ne5 20.Ne3 bxa4 21.f4 Nd7 22.Rxa4 Nec5 23.Ra3 Nf6
24.Nb3 Qb6 25.Nc4 Qc6 26.Nxc5 Qxc5+ 27.Bf2 Qc6 28.Bg3 Qh1+ 29.Kf2 Ne4+ 30.Ke3 Qg1+
31.Kd3 Nxg3 32.hxg3 Qxg3+ 33.Kc2 Qxf4 34.Kb1 Bf3 35.Be2 Qe4+ 36.Bd3 Qxg4
37.Qc2 h5 38.Nd2 e6 39.Nxf3 Qxf3 40.Be4 Qg3 41.Rf1 d5 42.c4 Qe5 43.Bd3 dxc4
44.Bxc4 Rfc8 45.Ra4 Rab8 46.b3 Rxc4  0-1

[Event "26th Universiade Men"]
[Site "Shenzhen CHN"]
[Date "2011.08.21"]
[Round "9"]
[White "Czarnota,P"]
[Black "Wang Hao"]
[Result "0-1"]
[WhiteElo "2541"]
[BlackElo "2718"]

1.e4 c5 2.Nf3 Nc6 3.Bb5 g6 4.O-O Bg7 5.c3 Nf6 6.Qa4 O-O 7.d4 cxd4 8.cxd4 Nxe4
9.d5 Nc5 10.Qa3 Qb6 11.Nc3 Nd4 12.Nxd4 Bxd4 13.Bh6 d6 14.Bxf8 Kxf8 15.Rad1 Be5
16.Be2 a5 17.Na4 Nxa4 18.Qxa4 Qxb2 19.Bd3 Qb4 20.Qc2 Bg4 21.Rb1 Qf4 22.g3 Qd4
23.Qc4 Qxc4 24.Bxc4 Rc8 25.Rfc1 Bf3 26.a4 Bd4 27.Ba2 Rxc1+ 28.Rxc1 Bc5 29.Re1 Bg4
30.Bc4 g5 31.Kg2 Bd7 32.Ra1 Kg7 33.f4 g4 34.Bd3 h5 35.Ra2 Kf6 36.Be4 Bb4
37.Bd3 e6 38.Bc4 e5 39.Bd3 exf4 40.gxf4 h4 41.Kf2 Bc5+ 42.Kg2 Be3  0-1

[Event "XVI Seahorse Open A"]
[Site "Rewal POL"]
[Date "2011.08.22"]
[Round "3"]
[White "Dowgird,F"]
[Black "Sliwicki,D"]
[Result "1-0"]
[WhiteElo "2110"]
[BlackElo "1899"]

1.e4 c5 2.Nf3 Nc6 3.Bb5 g6 4.Bxc6 dxc6 5.d3 Bg7 6.h3 e5 7.Be3 b6 8.Nbd2 Ne7
9.a3 a5 10.Nc4 Qc7 11.b4 Nd5 12.bxc5 Nxe3 13.fxe3 bxc5 14.Rb1 Ba6 15.Nfd2 O-O
16.O-O Rad8 17.Rb6 Bb5 18.Qa1 a4 19.Qc3 Rfe8 20.Qa5 Qd7 21.Nb2 Ra8 22.Qc3 Bh6
23.Ndc4 Qc7 24.Rf3 Bg5 25.Kh1 Bd8 26.Nd1 Re7 27.Rf6 Kg7 28.Rd6 f6 29.Qb2 Qa7
30.Rxb5 cxb5 31.Qxb5 Rb8 32.Qc6 Rc7 33.Qd5 Be7 34.Nc3 Bxd6 35.Qxd6 Rd7 36.Qc6 Qc7
37.Qxa4 Rdd8 38.Qa6 f5 39.Nd5 Rb1+ 40.Kh2 Qf7 41.Nxe5 Qf8 42.Qa7+ Kh6 43.Nf7+ Kh5
44.Nf6+ Kh4 45.g3+  1-0

[Event "Trade Fair Open A"]
[Site "Brno CZE"]
[Date "2011.08.23"]
[Round "4"]
[White "Stastny,R"]
[Black "Pokorny,P"]
[Result "1/2-1/2"]
[WhiteElo "2012"]
[BlackElo "2260"]

1.e4 c5 2.Nf3 Nc6 3.Bb5 e6 4.c3 Nf6 5.Qe2 Qc7 6.O-O a6 7.Ba4 b5 8.Bc2 e5
9.Rd1 d6 10.h3 Bb7 11.d3 Be7 12.Bg5 O-O 13.Nbd2 h6 14.Be3 Rfe8 15.Nf1 Bf8
16.Ng3 g6 17.Nh2 Bg7 18.Ng4 Nxg4 19.Qxg4 Rad8 20.Bb3 Na5 21.Qh4 Nxb3 22.axb3 Qe7
23.Qxe7 Rxe7 24.d4 cxd4 25.cxd4 Rc8 26.Rd2 Rec7 27.d5 Rc2 28.Kf1 Kf8  1/2-1/2

[Event "11th Metropolitan Invitational"]
[Site "Los Angeles USA"]
[Date "2011.08.24"]
[Round "2"]
[White "Siddharth,R"]
[Black "Amanov,Z"]
[Result "0-1"]
[WhiteElo "2387"]
[BlackElo "2382"]

1.e4 c5 2.Nf3 Nc6 3.Bb5 d6 4.O-O Bd7 5.Re1 Nf6 6.c3 a6 7.Bf1 Bg4 8.h3 Bh5
9.d3 e6 10.Nbd2 Be7 11.g4 Bg6 12.Bg2 d5 13.Qe2 dxe4 14.dxe4 Nd7 15.e5 h5
16.Nc4 hxg4 17.hxg4 Nb6 18.Rd1 Nd5 19.Nh2 Bf8 20.Bf4 Nd4 21.cxd4 Nxf4 22.Qf3 Nxg2
23.dxc5 Qh4 24.Qxg2 Bxc5 25.Nf3 Qh6 26.Nd6+ Bxd6 27.exd6 Be4 28.Rac1 Rd8
29.g5 Qh5 30.Rc3 Bd5 31.Kf1 Rxd6 32.Qg3 Qh3+ 33.Qxh3 Rxh3 34.Rd4 Rd8 35.Ne5 Rxc3
36.bxc3 f6 37.gxf6 gxf6 38.Ng4 Ke7 39.Rb4 b5 40.a4 Bc4+ 41.Ke1 a5 42.Rb2 bxa4
43.Rb7+ Rd7 44.Rxd7+ Kxd7 45.Kd2 Ke7 46.Ne3 Bb3 47.f4 a3 48.Kc1 Kd6 49.Kb1 Kc5
50.Ka1 f5 51.Kb1 Bd5 52.Ka1 Kb5 53.Kb1 Ka4 54.c4 Be4+ 55.Ka1 Kb4 56.Ka2 Bd3
57.c5 Kxc5 58.Kxa3 Kd4 59.Ng2 Ke4 60.Ka4 Bf1 61.Ne1 Kxf4 62.Kxa5 Ke4 63.Kb4 f4
64.Kc5 f3  0-1

[Event "26th Schwarzacher Open"]
[Site "Schwarzach AUT"]
[Date "2011.08.24"]
[Round "5"]
[White "Jens,J"]
[Black "Medancic,R"]
[Result "1-0"]
[WhiteElo "2382"]
[BlackElo "2275"]

1.e4 c5 2.Nf3 Nc6 3.Bb5 g6 4.O-O Bg7 5.c3 e5 6.d3 Nge7 7.Be3 d6 8.d4 cxd4
9.cxd4 O-O 10.d5 Nb8 11.Nc3 h6 12.Nd2 f5 13.f3 f4 14.Bf2 Nd7 15.Be2 Nf6 16.Nc4 Ne8
17.Nb5 a6 18.Nb6 Rb8 19.Na3 g5 20.Rc1 Nf6 21.Qc2 g4 22.Qc7 gxf3 23.Bxf3 Bg4
24.Qxd8 Rfxd8 25.Rc7 Bxf3 26.gxf3 Nc8 27.Rfc1 Nxb6 28.Bxb6 Ne8 29.R7c3 Rd7
30.Rc8 Rxc8 31.Rxc8 Kf7 32.Nc4 Bf6 33.Na5 Bh4 34.b4 Be7 35.Rb8 Nf6 36.Rxb7  1-0

[Event "26th Schwarzacher Open"]
[Site "Schwarzach AUT"]
[Date "2011.08.24"]
[Round "5"]
[White "Wegerer,J"]
[Black "Zakharchenko,A"]
[Result "0-1"]
[WhiteElo "2082"]
[BlackElo "2202"]

1.e4 c5 2.Nf3 Nc6 3.Bb5 g6 4.O-O Bg7 5.Bxc6 bxc6 6.d3 d6 7.Nbd2 e5 8.Re1 Nf6
9.Nc4 O-O 10.Bd2 Ne8 11.Qc1 Bg4 12.Bg5 f6 13.Bh6 Bxf3 14.gxf3 Qd7 15.Bxg7 Nxg7
16.Kh1 Qh3 17.Ne3 Rab8 18.Rb1 Qd7  0-1

[Event "BDO Challengers"]
[Site "Haarlem NED"]
[Date "2011.08.25"]
[Round "6.3"]
[White "Bottema,To"]
[Black "Brown,An"]
[Result "0-1"]
[WhiteElo "2247"]
[BlackElo "2202"]

1.e4 c5 2.Nf3 Nc6 3.Bb5 g6 4.Bxc6 dxc6 5.h3 Bg7 6.d3 Nf6 7.O-O Nd7 8.Nc3 e5
9.Nh2 b6 10.Be3 Qe7 11.Qd2 h6 12.a3 a5 13.Ne2 Ba6 14.Rfd1 f5 15.exf5 gxf5
16.f4 O-O-O 17.Rab1 Rhe8 18.Ng3 Qe6 19.Nhf1 Qg6 20.Kh1 c4 21.dxc4 Bxc4 22.Qf2 exf4
23.Bxf4 Bxf1 24.Nxf1 Re6 25.Rd2 Nc5 26.b4 Rxd2 27.Nxd2 axb4 28.Rxb4 Nd7 29.a4 Bf8
30.Rb1 Bc5 31.Qf1 Kd8 32.Nf3 Re4 33.Bh2 Ke7 34.Rd1 Qe6 35.Qd3 Rxa4 36.Bg3 Re4
37.Bh4+ Ke8 38.Qc3 Ne5 39.Nxe5 Rxe5 40.Rd8+ Kf7 41.Qf3 Re1+ 42.Kh2 Bg1+ 43.Kh1 Bf2+
44.Kh2 Rh1+  0-1

[Event "26th Schwarzacher Open"]
[Site "Schwarzach AUT"]
[Date "2011.08.25"]
[Round "6"]
[White "Loidl,F"]
[Black "Knoblauch,L"]
[Result "1-0"]
[WhiteElo "2174"]
[BlackElo "2062"]

1.e4 c5 2.Nf3 Nc6 3.Bb5 d6 4.O-O Bd7 5.c3 a6 6.Ba4 b5 7.Bb3 c4 8.Bc2 Bg4
9.h3 Bh5 10.a4 Nf6 11.axb5 axb5 12.Rxa8 Qxa8 13.Na3 Qb7 14.g4 Bg6 15.Re1 e6
16.d3 Be7 17.Nxb5 Qxb5 18.Ba4 Qa6 19.Nd4 cxd3 20.Nxc6 Kf8 21.Qb3 Qc8 22.f3 Nd7
23.Qb5 Nc5 24.b4 Bh4 25.bxc5 Bxe1 26.Qxd3 dxc5 27.Qd6+  1-0

[Event "26th Schwarzacher Open"]
[Site "Schwarzach AUT"]
[Date "2011.08.25"]
[Round "6"]
[White "Neulinger,M"]
[Black "Bontempi,P"]
[Result "1/2-1/2"]
[WhiteElo "2246"]
[BlackElo "2325"]

1.e4 c5 2.Nf3 Nc6 3.Bb5 d6 4.O-O Bd7 5.c3 Nf6 6.Re1 a6 7.Bf1 Bg4 8.h3 Bxf3
9.Qxf3 g6 10.Qd1 Bh6 11.Na3 O-O 12.d3 Bxc1 13.Rxc1 e5 14.g3 b5 15.Bg2 Rb8
16.Nc2 b4 17.Ne3 Qa5 18.Nc4 Qc7 19.f4 bxc3 20.bxc3 Na5 21.Ne3 Rb2 22.Re2 Rfb8
23.Rxb2 Rxb2 24.fxe5 dxe5 25.Qf3 Nh5 26.Nd5 Qb7 27.g4 Nf4 28.Nxf4 exf4 29.Qxf4 Rxa2
30.Rf1 Nb3 31.Qd6 a5 32.Qd8+ Kg7 33.Qf6+ Kg8 34.Qd8+  1/2-1/2

[Event "1st Isthmia Open"]
[Site "Vrachati GRE"]
[Date "2011.08.25"]
[Round "9.14"]
[White "Kasparov,S"]
[Black "Pavlidou,E"]
[Result "1-0"]
[WhiteElo "2503"]
[BlackElo "2220"]

1.e4 c5 2.Nf3 Nc6 3.Bb5 g6 4.Bxc6 dxc6 5.d3 Bg7 6.h3 e5 7.a3 Qe7 8.O-O Nf6
9.Qe1 a5 10.Qc3 Nd7 11.Be3 O-O 12.Nbd2 Kh8 13.Nc4 b6 14.Qd2 Ba6 15.b3 Rad8
16.Rab1 f5 17.Bg5 Bf6 18.Bxf6+ Qxf6 19.exf5 gxf5 20.Rfe1 Bxc4 21.bxc4 Rg8
22.Kh1 Qg6 23.Rg1 Qh5 24.Rbe1 f4 25.Qc3 Rde8 26.Re4 Rg7 27.Qe1 Rf7 28.Qa1 Rf5
29.Rge1 Re6 30.a4 Kg8 31.Qb2 Kf7 32.c3 Rff6 33.Qe2 Qf5 34.d4 cxd4 35.cxd4 Rh6
36.Qf1 exd4 37.Rxe6 Rxe6 38.Rxe6  1-0

[Event "1st Alghero Open"]
[Site "Alghero ITA"]
[Date "2011.08.26"]
[Round "1.6"]
[White "Ulibin,M"]
[Black "Sgnaolin,D"]
[Result "1-0"]
[WhiteElo "2538"]
[BlackElo "2248"]

1.e4 c5 2.Nf3 Nc6 3.Bb5 g6 4.O-O Bg7 5.c3 Nf6 6.Qa4 O-O 7.d4 cxd4 8.cxd4 d5
9.e5 Nd7 10.Bxc6 Nb6 11.Qa5 bxc6 12.b3 Bg4 13.Nbd2 Nd7 14.Qxd8 Rfxd8 15.Ba3 Bf8
16.Rfc1 Rdc8 17.Rc3 Rc7 18.Rac1 Rac8 19.h3 Bxf3 20.Nxf3 Nb8 21.Ne1 Rb7 22.Nd3 Rb5
23.R1c2 Ra5 24.Bb4 Rb5 25.g4 e6 26.Bxf8 Kxf8 27.Kg2 Ke7 28.Kg3 a5 29.Kf4 h6
30.Rc5 Kd7 31.R5c3 Na6 32.a4 Rb6 33.Ke3 Rcb8 34.Rb2 Ke7 35.Kd2 Nb4 36.Nc5 g5  1-0

[Event "Brasschaat Open"]
[Site "Brasschaat BEL"]
[Date "2011.08.26"]
[Round "7.5"]
[White "Peleman,T"]
[Black "Leenaerts,R"]
[Result "0-1"]
[WhiteElo "2047"]
[BlackElo "2186"]

1.e4 c5 2.Nf3 Nc6 3.Bb5 d6 4.Bxc6+ bxc6 5.O-O e5 6.Re1 Be7 7.d3 f5 8.c3 Nf6
9.Bg5 O-O 10.Nbd2 Rb8 11.Qc2 Be6 12.b3 Nd7 13.Bxe7 Qxe7 14.d4 fxe4 15.Nxe4 Bf5
16.Qe2 Bxe4 17.Qxe4 d5 18.Qc2 e4 19.Nd2 Qf6 20.Nf1 cxd4 21.cxd4 Qxd4 22.Red1 Qb6
23.Rac1 Ne5 24.Qc5 Nd3 25.Qxb6 Rxb6 26.Rc2 Nb4 27.Re2 a5 28.Rc1 Nd3 29.Rc3 a4
30.Nd2 axb3 31.axb3 Ra8 32.f3 Ra1+ 33.Nf1 Nf4  0-1

[Event "Trade Fair Open A"]
[Site "Brno CZE"]
[Date "2011.08.26"]
[Round "7"]
[White "Velicka,P"]
[Black "Pacher,M"]
[Result "1-0"]
[WhiteElo "2461"]
[BlackElo "2408"]

1.e4 c5 2.Nf3 Nc6 3.Bb5 g6 4.Bxc6 bxc6 5.O-O Bg7 6.Re1 Nh6 7.c3 O-O 8.d4 cxd4
9.cxd4 f6 10.Nc3 d6 11.h3 Nf7 12.Be3 e5 13.Qd2 h6 14.Rad1 Be6 15.Nh2 Qc8
16.d5 cxd5 17.Nxd5 Qb7 18.Ng4 Bxd5 19.Qxd5 Rab8 20.Qxb7 Rxb7 21.Bc1 h5 22.Ne3 Bh6
23.b3 Bxe3 24.Bxe3 Rc8 25.Rc1 Rbc7 26.Kf1 Kf8 27.Rxc7 Rxc7 28.Rd1 Ke7 29.Rd5 Nd8
30.Ra5 Nc6 31.Ra6 f5 32.f3 f4 33.Bd2 Ke6 34.Ke2 d5 35.b4  1-0

[Event "1st Alghero Open"]
[Site "Alghero ITA"]
[Date "2011.08.27"]
[Round "2.10"]
[White "Valsecchi,A"]
[Black "Plachkinova,T"]
[Result "1-0"]
[WhiteElo "2354"]
[BlackElo "2177"]

1.e4 c5 2.Nf3 Nc6 3.Bb5 Nd4 4.Nxd4 cxd4 5.O-O a6 6.Bc4 Qc7 7.d3 e6 8.c3 dxc3
9.Nxc3 Nf6 10.Bb3 b5 11.Be3 Bb7 12.Rc1 Qb8 13.h3 Be7 14.f4 O-O 15.e5 Ne8
16.d4 d6 17.Qd3 Nc7 18.f5 dxe5 19.f6 Bb4 20.fxg7 Rd8 21.Ne4 Bxe4 22.Qxe4 Nd5
23.Bg5 Rd7 24.dxe5 Qa7+ 25.Kh1 Bc5 26.Bc2 f5 27.exf6  1-0

[Event "Trade Fair Open A"]
[Site "Brno CZE"]
[Date "2011.08.27"]
[Round "8"]
[White "Richterova,Natasa"]
[Black "Wagner,Stef AUT"]
[Result "1/2-1/2"]
[WhiteElo "1691"]
[BlackElo "2194"]

1.e4 c5 2.Nf3 Nc6 3.Bb5 g6 4.Bxc6 dxc6 5.d3 Nf6 6.O-O Bg7 7.Nbd2 Bg4 8.h3 Bxf3
9.Qxf3 O-O 10.Qe3 b6 11.Kh1 e5 12.Nc4 Ne8 13.Qg3 Qe7 14.Bd2 Nc7 15.f4 exf4
16.Bxf4 Ne8 17.Rab1 Qe6 18.a3 Nf6 19.Qf3 Nh5 20.Bd6 Rfd8 21.Bh2 Nf6 22.Rf2 Ne8
23.Ne5 f6 24.Nc4 b5 25.Na5 Rd7 26.e5 Rc8 27.exf6 Nxf6 28.Re2 Qd5 29.Qf1 Nh5
30.Qe1 Rf8 31.Re8 Rf7 32.Rxf8+ Rxf8 33.Qe4 Qa2 34.Qe1 Bxb2 35.Rxb2 Qxb2 36.Qe6+ Rf7
37.Qe8+  1/2-1/2

[Event "Trade Fair Open A"]
[Site "Brno CZE"]
[Date "2011.08.27"]
[Round "8"]
[White "Licka,V"]
[Black "Vojacek,Z"]
[Result "1/2-1/2"]
[WhiteElo "2000"]
[BlackElo "1943"]

1.e4 c5 2.Nf3 Nc6 3.Bb5 g6 4.O-O Bg7 5.c3 e5 6.Re1 Nge7 7.Na3 O-O 8.Nc2 Qb6
9.a4 a6 10.Bxc6 Nxc6 11.Ne3 Ne7 12.a5 Qc6 13.Nc4 d6 14.Nb6 Rb8 15.d4 cxd4
16.cxd4 Bg4 17.d5 Qb5 18.Re3 Nc8 19.Rb3 Qe8 20.h3 Bxf3 21.Qxf3 f5 22.Bd2 Qe7
23.Rc1 Na7 24.Rc4 Nb5 25.Rd3 Rbd8 26.Qd1 Qh4 27.f3 Nd4 28.Qe1 Qxe1+ 29.Bxe1 fxe4
30.fxe4 Ne2+ 31.Kh2 Rf1 32.Bh4 Rdf8 33.Rc8 Bh6 34.Rxf8+ Kxf8 35.Bg3 Nxg3
36.Kxg3 Bf4+ 37.Kh4 h6 38.g3 Bg5+ 39.Kg4 Bf6 40.Nd7+ Kg7 41.Nxf6 Rxf6  1/2-1/2

[Event "XVI Seahorse Open A"]
[Site "Rewal POL"]
[Date "2011.08.27"]
[Round "8"]
[White "Smola,M"]
[Black "Reza,W"]
[Result "1/2-1/2"]
[WhiteElo "2187"]
[BlackElo "2026"]

1.e4 c5 2.Nf3 Nc6 3.Bb5 g6 4.Bxc6 bxc6 5.O-O Bg7 6.Re1 e5 7.c3 Qb6 8.Na3 Ba6
9.d3 d6 10.Rb1 Nh6 11.b4 cxb4 12.cxb4 O-O 13.h3 f6 14.Be3 Qc7 15.Qb3+ Nf7
16.Rec1 Qd7 17.Nc4 Rab8 18.Qa4 Bb5 19.Qa5 d5 20.exd5 cxd5 21.Nb2 d4 22.Bd2 Bc6
23.Ne1 Rb5 24.Qa6 Rb6 25.Qa3 Nd6 26.Nc4 Nxc4 27.Rxc4 Bd5 28.Rc5 Rfb8 29.Rbc1 R8b7
30.Qa5 Be6 31.Rc8+ Kf7 32.a4  1/2-1/2

[Event "3rd Senica Open"]
[Site "Senica SVK"]
[Date "2011.08.27"]
[Round "8.26"]
[White "Sukopcak,M"]
[Black "Otepka,V"]
[Result "1-0"]
[WhiteElo "1709"]
[BlackElo "1878"]

1.e4 c5 2.Nf3 Nc6 3.Bb5 a6 4.Ba4 b5 5.c4 bxa4 6.Qxa4 Qb6 7.O-O e6 8.d3 Bd6
9.Qd1 Nge7 10.Qe2 Ng6 11.g3 O-O 12.Nc3 Bb7 13.Be3 Nd4 14.Bxd4 cxd4 15.Na4 Qa7
16.b3 Bc6 17.Nb2 Rab8 18.Ne1 f5 19.f3 a5 20.Qf2 fxe4 21.dxe4 Bxe4 22.Ned3 Bc6
23.f4 e5  1-0

[Event "10th Sunny Beach Open"]
[Site "Sunny Beach BUL"]
[Date "2011.08.27"]
[Round "1.25"]
[White "Carmaciu,L"]
[Black "Gvilava,M"]
[Result "1-0"]
[WhiteElo "2388"]
[BlackElo "2018"]

1.e4 c5 2.Nf3 Nc6 3.Bb5 d6 4.Bxc6+ bxc6 5.e5 dxe5 6.Nxe5 Qd5 7.Nf3 Qe4+ 8.Kf1 Bg4
9.d3 Bxf3 10.Qxf3 Qxf3 11.gxf3 O-O-O 12.Be3 e6 13.Nd2 Nf6 14.Ke2 Be7 15.Nb3 Nd7
16.Rhg1 g6 17.Rg4 Kc7 18.Ra4 Ra8 19.Ra5 Rhb8 20.Rb1 Rb5 21.a4 Rxa5 22.Nxa5 Nb6
23.b3 Nd5 24.Rg1 f5 25.Nc4 f4 26.Bc1 Bf6 27.Rg4 Kd7 28.Bb2 Bxb2 29.Nxb2 Rf8
30.Nc4 Rf5 31.h4 e5 32.Nd2 Nf6 33.Rg5 Ke6 34.Ne4 Rxg5 35.hxg5 Nd7 36.a5 Kf5
37.c4 Ke6 38.Kd2 Kf5 39.Kc3 Nf8 40.Nxc5 Kxg5 41.b4 h5 42.Kd2 h4 43.Ke2 h3
44.Kf1 Kh4 45.b5 cxb5 46.cxb5 Nh7 47.b6 axb6 48.axb6 Ng5 49.b7  1-0

[Event "10th Sunny Beach Open"]
[Site "Sunny Beach BUL"]
[Date "2011.08.28"]
[Round "2.51"]
[White "Ljangov,P"]
[Black "Orlicek,K"]
[Result "1-0"]
[WhiteElo "2099"]
[BlackElo "1859"]

1.e4 c5 2.Nf3 Nc6 3.Bb5 g6 4.O-O Bg7 5.c3 e6 6.Bxc6 bxc6 7.d4 cxd4 8.cxd4 Nf6
9.Nc3 O-O 10.e5 Nd5 11.Nxd5 cxd5 12.Bg5 f6 13.exf6 Bxf6 14.Bxf6 Qxf6 15.Qd2 Bb7
16.Qh6 Qg7 17.Qxg7+ Kxg7 18.Rfc1 Rac8 19.Kf1 Bc6 20.Ke1 Bb5 21.Kd2 h6 22.Rxc8 Rxc8
23.Rc1 Rxc1 24.Kxc1 d6 25.Kd2 Kf6 26.Ke3 a5 27.Nd2 Kf5 28.f3 h5 29.g3 e5
30.Nb1 g5 31.Nc3 Bc6 32.b3 g4 33.fxg4+ Kxg4 34.Kf2 exd4 35.Ne2 d3 36.Nd4 Bd7
37.Nf3 Kh3 38.Kg1 Bf5 39.a3 d2 40.Nxd2 Bc2 41.b4 axb4 42.axb4 Ba4 43.Nf3 Bc6
44.Nd4 Bd7 45.b5 Bc8 46.b6 Kg4 47.Kg2 Kg5 48.Nb5  1-0

[Event "10th Sunny Beach Open"]
[Site "Sunny Beach BUL"]
[Date "2011.08.28"]
[Round "2.5"]
[White "Kaufeld,J"]
[Black "Drenchev,P"]
[Result "0-1"]
[WhiteElo "2260"]
[BlackElo "2523"]

1.e4 c5 2.Nf3 Nc6 3.Bb5 e6 4.O-O Nge7 5.Re1 a6 6.Bf1 d5 7.exd5 Nxd5 8.d4 Be7
9.c4 Nf6 10.Be3 O-O 11.h3 Qb6 12.dxc5 Qxb2 13.Qd2 Qxa1 14.Nc3 Qxe1 15.Qxe1 Bd7
16.Qb1 Rfc8 17.Qxb7 Nd8 18.Qb4 a5 19.Qb6 Be8 20.Bd3 h6 21.Ne4 Nxe4 22.Bxe4 Bc6
23.Bxc6 Nxc6 24.Nd4 Ne5 25.c6 Bd6 26.Nb5 Nxc4 27.Qb7 Rcb8 28.Qd7 Rxb5  0-1

[Event "TCh-SUI 2011"]
[Site "Switzerland SUI"]
[Date "2011.08.28"]
[Round "7.1"]
[White "Vianin,P"]
[Black "Miralles,G"]
[Result "1/2-1/2"]
[WhiteElo "2207"]
[BlackElo "2462"]

1.e4 c5 2.Nf3 Nc6 3.Bb5 d6 4.O-O Bd7 5.Re1 Nf6 6.c3 a6 7.Bxc6 Bxc6 8.d4 Bxe4
9.Bg5 Bc6 10.Bxf6 gxf6 11.d5 Bd7 12.Nbd2 e5 13.dxe6 Bxe6 14.Nc4 d5 15.Ne3 Be7
16.Nh4 Qd7 17.f4 d4 18.f5 dxe3 19.fxe6 Qxd1 20.exf7+ Kxf7 21.Raxd1 c4 22.Nf5 Bc5
23.Rd5 Ba7 24.Kf1 Rhd8 25.Nxe3 b5  1/2-1/2

[Event "Maria Albulet Mem"]
[Site "Braila ROU"]
[Date "2011.08.29"]
[Round "1"]
[White "Makropoulou,M"]
[Black "Anusca,M"]
[Result "1-0"]
[WhiteElo "2282"]
[BlackElo "2076"]

1.e4 c5 2.Nf3 Nc6 3.Bb5 e6 4.Bxc6 bxc6 5.d3 Ne7 6.Nc3 Ng6 7.h4 h5 8.e5 Be7
9.Qe2 Rb8 10.b3 f6 11.Qe4 Kf7 12.Bd2 Qc7 13.exf6 gxf6 14.Ne2 d5 15.Qa4 e5
16.Ng3 Bd6 17.O-O-O Ne7 18.Rde1 Qb6 19.Qa5 Be6 20.Qxb6 axb6 21.Kb2 b5 22.Ra1 c4
23.d4 c5 24.dxe5 fxe5 25.Rhe1 Nc6 26.c3 b4 27.Ng5+ Kf6 28.Kc2 bxc3 29.Bxc3 d4
30.N3e4+ Ke7 31.Nxe6 Kxe6 32.Bd2 c3 33.Bg5 Nb4+ 34.Kd1 d3 35.Nxc3 Nc2 36.Kd2 Nxa1
37.Rxa1 Rhf8 38.Ne4 Kd5 39.Kxd3 Rb4 40.f3 Ra8 41.Kc3 Rxe4 42.fxe4+ Kxe4 43.Rd1 Bc7
44.a4 Ba5+ 45.Kc4 Rb8 46.Rb1 Rb4+ 47.Kxc5 Kd3 48.Bd8 Bxd8 49.Kxb4 Be7+ 50.Kb5  1-0

[Event "FIDE World Cup 2011"]
[Site "Khanty-Mansiysk RUS"]
[Date "2011.08.29"]
[Round "1.2"]
[White "Sutovsky,E"]
[Black "Vorobiov,E"]
[Result "1/2-1/2"]
[WhiteElo "2700"]
[BlackElo "2574"]

1.e4 c5 2.Nf3 Nc6 3.Bb5 e6 4.O-O Nge7 5.Re1 a6 6.Bf1 d5 7.d3 h6 8.Nbd2 g5
9.d4 cxd4 10.exd5 Qxd5 11.Nc4 Qd8 12.h4 Ng6 13.hxg5 b5 14.Nce5 Ngxe5 15.Nxe5 Nxe5
16.Rxe5 Bg7 17.Bf4 hxg5 18.Rxg5 Bb7 19.Qg4  1/2-1/2

[Event "Maria Albulet Mem"]
[Site "Braila ROU"]
[Date "2011.08.30"]
[Round "2"]
[White "Petrenko,S"]
[Black "Anusca,M"]
[Result "0-1"]
[WhiteElo "2209"]
[BlackElo "2076"]

1.e4 c5 2.Nf3 Nc6 3.Bb5 e6 4.O-O Nge7 5.Re1 a6 6.Bf1 d5 7.exd5 Nxd5 8.c3 Be7
9.d4 cxd4 10.Nxd4 Nxd4 11.Qxd4 O-O 12.Nd2 Qc7 13.Nf3 b5 14.Bg5 Bc5 15.Qh4 Ne7
16.Bd3 Nf5 17.Qg4 f6 18.Bd2 Qb6 19.Re2 Rd8 20.Be4 Rb8 21.Qh3 g6 22.b4 Bf8
23.Bc2 e5 24.Bb3+ Kh8 25.g4 Ne7 26.Qg3 Bg7 27.Bc2 Bb7 28.g5 Bxf3 29.Qxf3 f5
30.Qg3 Rb7 31.Be3 Qc7 32.Bc5 Nc6 33.f3 Qb8 34.Qf2 a5 35.a3 a4 36.Rf1 Rd5
37.c4 bxc4 38.Bxa4 Nd4 39.Bxd4 Rxd4 40.Rfe1 Qa7 41.Bc6 Rb8 42.Ra2 Rbd8 43.Kg2 Qe7
44.h4 c3 45.Ree2 Qd6 46.b5 e4 47.fxe4 fxe4 48.Rxe4 Rxe4 49.Bxe4 Bd4 50.Qg3 Qe6
51.Re2 c2 52.Qf4 c1=Q 53.Qxc1 Qg4+  0-1

[Event "FIDE World Cup 2011"]
[Site "Khanty-Mansiysk RUS"]
[Date "2011.08.30"]
[Round "1.4"]
[White "Sutovsky,E"]
[Black "Vorobiov,E"]
[Result "1-0"]
[WhiteElo "2700"]
[BlackElo "2574"]

1.e4 c5 2.Nf3 Nc6 3.Bb5 e6 4.O-O Nge7 5.Re1 a6 6.Bf1 d5 7.d3 h6 8.Nbd2 b6
9.h4 Bb7 10.h5 Qc7 11.c3 O-O-O 12.b4 cxb4 13.cxb4 Nxb4 14.Bb2 Nec6 15.a3 dxe4
16.Nxe4 Nd5 17.Rc1 f5 18.Ned2 Nf4 19.Be5 Bd6 20.Nc4 Bxe5 21.Ncxe5 Rd6 22.Qa4 Nd5
23.Nd4 Nde7 24.Nexc6 Nxc6 25.Nxe6 Qd7 26.Qb3 Kb8 27.d4 Na5 28.Qg3 Rc8 29.Nc5 bxc5
30.dxc5 f4 31.Qxf4 Nb3 32.Rcd1  1-0

[Event "Richard Reti Mem"]
[Site "Trnava SVK"]
[Date "2011.09.01"]
[Round "6.1"]
[White "Mazur,Ste"]
[Black "Jurcik,Mari"]
[Result "1/2-1/2"]
[WhiteElo "2386"]
[BlackElo "2481"]

1.e4 c5 2.Nf3 Nc6 3.Bb5 Qc7 4.O-O Nf6 5.Re1 e6 6.c3 a6 7.Bf1 d5 8.e5 Nd7
9.d4 h6 10.Be3 Be7 11.Nbd2  1/2-1/2